000 01519 a2200217 4500
003 Nust
005 20220730131018.0
010 _a 96025891
020 _a1884777252 (softcover)
040 _cNust
082 0 0 _a004.68,FRI
100 1 _aFritz, Jeffrey N.,
_995924
245 1 0 _aRemote LAN access :
_ba guide for networkers and the rest of us /
_cJeffrey Neil Fritz.
260 _aGreenwich, CT :
_bManning,
_cc1996.
300 _axvii, 267 p. :
_bill. ;
_c23 cm.
505 _aIntroduction to Remote LAN Access (Page-1), Early Attempts at Remote Access (Page-12), The Beginning of Residential and Small Business Remote LAN Access (Page-12), Connectivity Services (Page-28), Technologies for Enterprise Network, LAN and Internet Connections (Page-37), Service Comparisons (Page-57), The World of ISD (Page-66), ISDN Advantages and Disadvantages (Page-79), Ordering Integrated Servies Digital Network (Page-91).Network Connections Using Terminal Adapters (Page-102), Connecting to the Internet (Page-119), Call Control (Page-125), Making Remote LAN Access Connections (Page-136), Wide Area Networks (Page-157), Optimizing WAN Connections (Page-178), Interoperability (Page-194), Extending ISDN to Your Doorstep (Page-203), The Com pleat Telecommuter (Page-217), The View From the Deck of the Enterprise (Page-229).
650 0 _aComputer terminals
_xRemote terminals.
_995925
650 0 _aIntegrated services digital networks.
650 0 _aLocal area networks (Computer networks)
942 _cREF
_2ddc
_k004.68,FRI
999 _c175209
_d175209